MARC

LEADER 00000nam0a2200000 4500
001 304677
005 20231102001727.0
035 |a (RuTPU)RU\TPU\book\329924 
090 |a 304677 
100 |a 20150917d1983 km y0rusy50 ca 
101 0 |a rus 
102 |a RU 
105 |a a z 001zy 
200 1 |a Геоморфология пойм равнинных рек  |f А. В. Чернов  |g под ред. Р. С. Чалова 
210 |a Москва  |c Изд-во МГУ  |d 1983 
215 |a 198 с.  |c ил. 
320 |a Библиогр.: с. 187-198 
606 1 |a Поймы  |x Геоморфология  |2 stltpush  |3 (RuTPU)RU\TPU\subj\49981  |9 68741 
610 1 |a равнинные реки 
610 1 |a речные поймы 
610 1 |a исследование 
610 1 |a формирование 
610 1 |a классификация 
610 1 |a Сибирь 
675 |a 551.435.1  |v 4 
700 1 |a Чернов  |b А. В.  |g Алексей Владимирович 
702 1 |a Чалов  |b Р. С.  |g Роман Сергеевич  |4 340 
801 1 |a RU  |b 63413507  |c 20150917 
801 2 |a RU  |b 63413507  |c 20191024  |g RCR 
942 |c BK